LIBRARY & INFORMATION CENTRE, KCAET, TAVANUR

ONLINE PUBLIC ACCESS CATALOGUE (OPAC)

Gandhi devan / (Record no. 5984)

MARC details
000 -LEADER
fixed length control field 00342cam a2200145ua 4500
003 - CONTROL NUMBER IDENTIFIER
control field OSt
008 - FIXED-LENGTH DATA ELEMENTS--GENERAL INFORMATION
fixed length control field 221104b |||||||| |||| 00| 0 eng d
041 ## - LANGUAGE CODE
Language code of text/sound track or separate title mal
082 ## - DEWEY DECIMAL CLASSIFICATION NUMBER
Classification number 320.58
Item number KUN/GA
100 ## - MAIN ENTRY--AUTHOR NAME
Personal name Kunjunni Menon, K K .
245 ## - TITLE STATEMENT
Title Gandhi devan /
260 ## - PUBLICATION, DISTRIBUTION, ETC. (IMPRINT)
Place of publication :
Name of publisher K K Kunjunni Menon ,
Year of publication 1951.
300 ## - PHYSICAL DESCRIPTION
Number of Pages 76 ; .
942 ## - ADDED ENTRY ELEMENTS (KOHA)
Koha item type Books
Holdings
Withdrawn status Lost status Damaged status Home library Current library Date acquired Full call number Accession Number Koha item type
      KAUAET KAUAET 07/04/2012 320.58 1491 Books
free website counter